00765nam a2200193 a 450000100100000000500170001000800410002704000250006824500960009324600220018926000700021130000360028149000130031770000390033071000610036983000190043095201050044999900170055400003833820251120073733.0130409s1981 dr ab 000 0 spa d aDO-SdBNPbspacBNPHU13aEl desarrollo regional de Bonao :brealidad y futuro /cpresentación Gilberto de la Rosa.10aRealidad y futuro aSantiago de los Caballero, República Dominicana :bUCMM,c1981. a147 p. :bil., mapas. ;c23 cm.1 aEstudios1 aDe la Rosa, Gilbertoepres.9647002 aPontificia Universidad Católica Madre y Maestra 9843 0aEstudios93854 0010718PDaPDbPDcCTd2013-04-09iLF1l0o p38338-10r2020-06-25w2020-06-25yLFPDZNo se presta c37828d37828